Ltiquette des affaires en France; Коммуникативные аспекты языка и культуры; Ч. 3

Opis bibliograficzny
Parent link:Коммуникативные аспекты языка и культуры: сборник материалов XII Международной научно-практической конференции студентов и молодых ученых, г. Томск, 16-18 мая 2012 г./ Национальный исследовательский Томский политехнический университет (ТПУ), Институт международного образования и языковой коммуникации (ИМОЯК) ; под ред. С. А. Песоцкой.— , 2012
Ч. 3.— 2012.— [С. 221-227]
1. autor: Smolentseva E. E.
Korporacja: Национальный исследовательский Томский политехнический университет
Kolejni autorzy: Gavrilova N. A. (научный руководитель), Antropjanskaja L. N. Liliya Nikolaevna
Streszczenie:Заглавие с титульного экрана
Język:francuski
Wydane: 2012
Seria:Культура стран изучаемого языка в дискурсе страноведения
Hasła przedmiotowe:
Dostęp online:http://www.lib.tpu.ru/fulltext/c/2012/C77/V3/069.pdf
Format: MixedMaterials Elektroniczne Rozdział
KOHA link:https://koha.lib.tpu.ru/cgi-bin/koha/opac-detail.pl?biblionumber=608877

MARC

LEADER 00000naa2a2200000 4500
001 608877
005 20250526163222.0
035 |a (RuTPU)RU\TPU\conf\6313 
035 |a RU\TPU\conf\6311 
090 |a 608877 
100 |a 20141017d2012 k y0rusy50 ba 
101 0 |a fre 
102 |a RU 
105 |a y z 101zy 
135 |a drcn ---uucaa 
181 0 |a i  
182 0 |a b 
200 1 |a Ltiquette des affaires en France  |f E. E. Smolentseva, N. A. Gavrilova  |g direct. sciet. L. N. Antropjanskaja 
203 |a Текст  |c электронный 
225 1 |a Культура стран изучаемого языка в дискурсе страноведения 
300 |a Заглавие с титульного экрана 
320 |a [Библиогр.: с. 227 (4 назв.)] 
337 |a Adobe Reader 
461 1 |0 (RuTPU)RU\TPU\conf\4597  |t Коммуникативные аспекты языка и культуры  |o сборник материалов XII Международной научно-практической конференции студентов и молодых ученых, г. Томск, 16-18 мая 2012 г.  |o в 3 ч.  |f Национальный исследовательский Томский политехнический университет (ТПУ), Институт международного образования и языковой коммуникации (ИМОЯК) ; под ред. С. А. Песоцкой  |d 2012 
463 0 |0 (RuTPU)RU\TPU\conf\4606  |t Ч. 3  |v [С. 221-227]  |d 2012 
610 1 |a труды учёных ТПУ 
610 1 |a электронный ресурс 
700 1 |a Smolentseva  |b E. E. 
701 1 |a Gavrilova  |b N. A. 
702 1 |a Antropjanskaja  |b L. N.  |c Expert dans le domaine de la philosophie sociale, le Linguiste  |c Le chargé de cours de l'Université polytechnique de Tomsk, le Candidat des Sciences psychologiques  |f 1952-  |g Liliya Nikolaevna  |4 727 
712 0 2 |a Национальный исследовательский Томский политехнический университет  |c (2009- )  |9 26305 
801 2 |a RU  |b 63413507  |c 20150430  |g RCR 
850 |a 63413507 
856 4 |u http://www.lib.tpu.ru/fulltext/c/2012/C77/V3/069.pdf 
942 |c BK